Così sei fatto tu : una storia in rima per spiegare le differenze tra maschi e femmine : 10-12 anni /
Con uno stile poetico e allo stesso tempo semplice e chiaro, questo libro vuole raccontare ai ragazzi e alle ragazze dai 10 ai 12 anni tutta la complessità associata alla conquista della propria identità di genere, tema di fondamentale importanza in ogni percorso di educazione affettiva, sessuale e...
I tiakina i:
| Kaituhi matua: | |
|---|---|
| Hōputu: | Pukapuka |
| Reo: | Itāriana |
| I whakaputaina: |
Trento :
Erickson,
2015
|
| Ngā marau: | |
| Ngā Tūtohu: |
Kāore He Tūtohu, Me noho koe te mea tuatahi ki te tūtohu i tēnei pūkete!
|
MARC
| LEADER | 00000nam a22000007i 4500 | ||
|---|---|---|---|
| 001 | IT\ICCU\MOD\1641688 | ||
| 003 | ItRI | ||
| 005 | 20260115232117.0 | ||
| 008 | 150126s2015 it |||||| ||||| |||||c | ||
| 020 | |a 9788859007616 | ||
| 040 | |b ita |c importazione bologna sebina | ||
| 041 | 7 | |a ita |2 ISO-639-2 | |
| 082 | |a 649.65 |9 PUERICOLTURA. EDUCAZIONE SESSUALE |2 21 | ||
| 100 | 1 | |a Pellai, Alberto |0 IT\ICCU\BVEV\031672 |4 aut | |
| 240 | 1 | 0 | |a Così sei fatto tu |3 IT\ICCU\URB\0907218 |9 Pellai, Alberto |
| 245 | 1 | 0 | |a Così sei fatto tu : |b una storia in rima per spiegare le differenze tra maschi e femmine : 10-12 anni / |c Alberto Pellai. |
| 260 | |a Trento : |b Erickson, |c 2015 | ||
| 300 | |a 92 p : |b ill. ; |c 21 x 21 cm. | ||
| 520 | |a Con uno stile poetico e allo stesso tempo semplice e chiaro, questo libro vuole raccontare ai ragazzi e alle ragazze dai 10 ai 12 anni tutta la complessità associata alla conquista della propria identità di genere, tema di fondamentale importanza in ogni percorso di educazione affettiva, sessuale e civica. Attraverso una divertente storia in rima, il giovane lettore si confronta con una famiglia dove i due ragazzi protagonisti hanno potuto esprimere con serenità la propria identità di maschio e femmina senza i condizionamenti degli stereotipi di genere ancora presenti nella società attuale. Se Caterina ha i capelli cortissimi e indossa solo pantaloni di jeans e se Martino ha i capelli lunghi e adora il ballo, se una donna fa un lavoro solitamente riservato agli uomini e viceversa, il messaggio finale è che ognuno deve appropriarsi della propria identità di genere vincendo stereotipi e in assoluto rispetto di se stesso e delle persone che gli vivono accanto. La storia permette inoltre di raccontare il maschile e il femminile anche dal punto di vista dell'anatomia dell'apparato genitale fornendo materiali e informazioni relativi agli obiettivi formativi e didattici per la scuola secondaria di primo grado. Grazie ai suoi contenuti innovativi proposti secondo i principi della narrativa Psicologicamente Orientata (N.P.O.) e corredati di schede di approfondimento sui temi trattati, il volume si rivela un ottimo strumento per la crescita emotiva e sessuale. | ||
| 650 | 7 | |a EDUCAZIONE SESSUALE |x Manuali | |
| 650 | 7 | |a Identita sessuale |x Libri per ragazzi | |
| 942 | |2 ddc |c BK |n 0 | ||
| 952 | |0 0 |1 0 |4 0 |6 R_649_650000000000000_PEL |7 0 |9 20200 |a BO |b BO |d 2026-01-15 |i 18791 |l 0 |o R 649.65 PEL |p BO18791 |r 2026-01-15 23:21:17 |w 2026-01-15 |x [Sebina 5] [1 v.] |y BK |z 1 v. | ||
| 999 | |c 17229 |d 17229 | ||